Library of the University of Algiers 3
Ibrahim Sultan Cheibout
شعار جامعة الجزائر 3
مكتبة جامعة الجزائر 3
إبراهيم سلطان شيبوط

الإقتصاد السياسي للتنمية في القرنين العشرين والواحد والعشرين / (رقم التسجيلة. 42893)

تفاصيل مارك
000 -LEADER
fixed length control field 03785nam a2200229Ia 4500
003 - CONTROL NUMBER IDENTIFIER
control field Ost
005 - DATE AND TIME OF LATEST TRANSACTION
control field 20260507075110.0
008 - FIXED-LENGTH DATA ELEMENTS--GENERAL INFORMATION
fixed length control field 260507s9999||||xx |||||||||||||| ||und||
020 ## - INTERNATIONAL STANDARD BOOK NUMBER
International Standard Book Number 6644119953
040 ## - CATALOGING SOURCE
Transcribing agency fsecg
041 ## - LANGUAGE CODE
Language code of text/sound track or separate title ara
082 ## - DEWEY DECIMAL CLASSIFICATION NUMBER
Classification number 330
100 ## - MAIN ENTRY--PERSONAL NAME
Personal name امين، سمير
Relator term مؤلف
245 #0 - TITLE STATEMENT
Title الإقتصاد السياسي للتنمية في القرنين العشرين والواحد والعشرين /
Statement of responsibility, etc. سمير امين
260 ## - PUBLICATION, DISTRIBUTION, ETC.
Place of publication, distribution, etc. بيروت:
Name of publisher, distributor, etc. دار الفارابي,
Date of publication, distribution, etc. 2002
300 ## - PHYSICAL DESCRIPTION
Extent 261 صفحة؛
Dimensions 21 سم
520 ## - SUMMARY, ETC.
Summary, etc. يدور محور هذه الدراسة حول الاقتصاد السياسي للتنمية في القرنين العشرين والواحد والعشرين. هذا وإن الأفكار التي يقترحها الباحث في دراسته تتناول \"مشكلات التنمية\" كما يجب أن تطرح عند مطلع القرن الواحد والعشرين ويقول الباحث بأن قراءة النظريات والممارسات التي تحكمت بمعالجة هذه المشكلات خلال النصف الثاني من القرن العشرين، لا تهدف إلاّ إلى المساعدة في تشخيص طبيعة التحديات التي تواجه العالم، فيما يتعدى المآزق التي طبعت، بنظر الباحث، ظروف نهاية هذا القرن، فاقتضى التشخيص منه إبراز ما تحمله هذه المشكلات من جديد، والدروس التي يمكن استخلاصها من تجربة القرن العشرين. وترتكز تحليلاته على نظرية في الرأسمالية وفي بعدها العالمي، وبصورة أشمل نظرية في دينامية التحول الاجتماعي، مستنداً في ذلك على أطروحات مركزية ثلاث لوضع القارئ في الجوّ الذي يستطيع من خلاله فهم مضمون الدراسة. هذه الأطروحات تتناول مركزية الاستلاب الاقتصادي الذي يميّز الرأسمالية ويتباين في آنٍ معاً مع ما كانت عليه المجتمعات السابقة وما يمكن أن يكونه مجتمع ما بعد الرأسمالية مركزية الاستقطاب الناجم عن عولمة الرأسمالية مركزية ما سماه الباحث \"بالتحديد المنخفض\" في التاريخ. هذه الأطروحات الثلاث مجتمعة قادت الباحث بصورة طبيعية إلى الاستنتاج بأن \"قضية التنمية\" تحتل موقعاً مركزياً في المجتمع المعاصر، وأنها لم تجد حلاً بعد، ولا يمكن لهذا الحلّ أن ينتج في إطار الرأسمالية. وهكذا فإن مفهوم التنمية ذاته هو مفهوم نقدي. وقد اختار الباحث منهجية لبحثه تجلت في عرض العناصر التي بدت له قطعاً أساسية في الرقعة المعقدة التي تشكلها قراءات التاريخ المتعلقة بهذا الموضوع، وتحليلات الاستراتيجيات التي تحتل المسرح المعاصر، وإبراز الأطروحات النظرية والأيديولوجية الموضوعة في حيّز الفعل. هذا وإن توليد هذه العناصر في الرقعة يسمح بإعادة تركيب المشاهد المحتملة على اختلافها للمستقبل الذي ينبني، وتقييم قدرتها النسبية في الإجابة على تحدي التطور
653 ## - INDEX TERM--UNCONTROLLED
Uncontrolled term الاقتصاد السياسي
653 ## - INDEX TERM--UNCONTROLLED
Uncontrolled term التنمية الاقتصادية
653 ## - INDEX TERM--UNCONTROLLED
Uncontrolled term تنمية
942 ## - ADDED ENTRY ELEMENTS (KOHA)
Koha item type كتب
المقتنيات
Withdrawn status Lost status Source of classification or shelving scheme Damaged status Not for loan Home library Current library Date acquired Serial enumeration / chronology Inventory number Total checkouts Full call number Barcode Date last seen Price effective from Koha item type
    Dewey Decimal Classification   NOT LOAN / إعارة داخلية مكتبة كلية العلوم الإقتصادية والعلوم التجارية وعلوم التسيير مكتبة كلية العلوم الإقتصادية والعلوم التجارية وعلوم التسيير 07/05/2026 الطابق الأرضي 1496/1   أ/1496ن1 1496/1 07/05/2026 07/05/2026 كتب

موارد الويب المفتوحة


© University of Algiers 3 All Rights Reserved
|
Implemented by LECHELAH Riad